Clonal variations in leaf fatty acid composition: Possible role in cold tolerance in Hevea (Record no. 55748)

MARC details
000 -LEADER
fixed length control field 00590nam a2200157Ia 4500
100 ## - MAIN ENTRY--AUTHOR NAME
Personal name Thomas M.
245 #0 - TITLE STATEMENT
Title Clonal variations in leaf fatty acid composition: Possible role in cold tolerance in Hevea
260 ## - PUBLICATION, DISTRIBUTION, ETC. (IMPRINT)
Name of publisher International Workshop on Climate Change and Rubber Cultivation: R & D Priorities, 28-30 July 2010, Rubber Research Institute of India, Kottayam, pp. 42-43
Year of publication 2010
650 ## - SUBJECT ADDED ENTRY--TOPICAL TERM
Topical Term Clonal variation
650 ## - SUBJECT ADDED ENTRY--TOPICAL TERM
Topical Term Cold tolerance
650 ## - SUBJECT ADDED ENTRY--TOPICAL TERM
Topical Term Hevea
650 ## - SUBJECT ADDED ENTRY--TOPICAL TERM
Topical Term Leaf fatty acid
700 ## - ADDED ENTRY--PERSONAL NAME
Personal name Gopalakrishnan J.
942 ## - ADDED ENTRY ELEMENTS (KOHA)
Koha item type Journals
Holdings
Withdrawn status Lost status Damaged status Not for loan Home library Current library Shelving location Date acquired Koha item type
      Journals RRII Library RRII Library Climate change 13/08/2010 Journals